| 000 | 00336nam a2200121 i 4500 | ||
|---|---|---|---|
| 001 | bg | ||
| 245 | 0 |
_aSzkoła organizacji i zarządzania,druga : _bmateriały na konferencje naukowe : Wrocław wrzesień 1976. |
|
| 260 |
_aWrocław, _c1976. |
||
| 040 | _cBPK | ||
| 041 | _apol | ||
| 942 | _cKS | ||
| 008 | s pl f |000 0 pol | ||
| 999 |
_c27481 _d27481 |
||
| 856 |
_uhttp://koha.tu.koszalin.pl/cgi-bin/koha/opac-detail.pl?biblionumber=27481 _yKatalog online BPK |
||